00443nam a2200109Ia 4500008004100000100002200041245010600063260004900169300001700218650001900235856007900254160712s9999 xx 000 0 und d aRecio, Redento B. cRedento B. RecioaEngaging the ‘Ungovernable’: Urban Informality Issues and Insights for Planning c2015bJournal in Urban and Regional Planning avol. 2 no. 1 xURBAN PLANNING uhttp://journals.upd.edu.ph/index.php/19May2014_surp/issue/view/490/showToc